00620nam a2200181Ia 4500952013700000999001700137003000400154005001700158008004100175040000900216082001900225100002900244245005600273260004200329300000900371650001400380942004400394 00102ddc40708PRODUCTIONaMESbMEScECO d2019-02-20g295.00l0o338.954 KAB/Dp23263r2019-02-20 00:00:00w2019-02-20yBKzGL8R4 c10026d10026OSt20191213160730.0190216s9999||||xx |||||||||||||| ||und|| coclc a338.954bKAB/D aKabra, Kamal Nayan 9490 0aDevelopment Planning In India /c Kamal Nayan Kabra bSage Publications,c1997.aNew Delhi: a251p aEconomics cBK2ddch338.954iKAB/Dk338.954mKAB/D